Provoz a ekonomika silniční a městské dopravy 1. část Metódy lineárního programování v řízení silniční dopravy

Bibliographic Details
Main Author: Partyk, Jan (Author)
Corporate Author: Vysoká škola dopravná v Žiline (Author)
Format: Book
Language:Czech
PhysicalDescription:129, [1] s. ilustr., sch., tab. 30 cm
Published: Bratislava Žilina Alfa VŠD 1971
Series:Dočasné vysokoškolské učebnice
Subjects:

MARC

LEADER 00000cam a2200000 a 4500
001 vtls008354942
003 SK-MaSNL
005 20260301094434.0
008 230403s1971 xo a e n 000 0 cze
015 |a SNBA1971 
035 |a SK01SNK19710047159 
035 |a urn:nbn:sk:snk-aml9p6 
035 |a urn:nbn:sk:snk-am008rbu 
035 |a D34D9DED-4076-4E0E-8AAA-4A0DA85750BB 
035 |a SKM000049622 
040 |a SNK  |b slo  |c SNK  |e AACR2 
041 0 |a cze 
044 |a xo  |c SK 
080 |a 656.1(075.8)  |2 1981 
100 1 |a Partyk, Jan  |4 aut  |9 428223 
245 1 0 |a Provoz a ekonomika silniční a městské dopravy  |n 1. část  |p Metódy lineárního programování v řízení silniční dopravy  |c Jan Partyk 
246 3 0 |a Metódy lineárního programování v řízení silniční dopravy 
260 |a Bratislava  |b Alfa  |a Žilina  |b VŠD  |c 1971 
300 |a 129, [1] s.  |b ilustr., sch., tab.  |c 30 cm 
366 |e 300 výtl. 
490 1 |a Dočasné vysokoškolské učebnice 
500 |a Zozn. 
500 |a Vyd. pre VŠD, Žilina 
650 0 7 |a cestná doprava  |2 SNKPH  |9 1776 
650 0 7 |a mestská doprava  |2 SNKPH  |9 69482 
650 0 7 |a ekonomika dopravy  |2 SNKPH  |9 68139 
655 7 |a učebnice vysokých škôl  |2 SNKPH  |9 70191 
710 2 |a Vysoká škola dopravná v Žiline  |4 aut  |9 166701 
810 2 |a Vysoká škola dopravná v Žiline  |t Vysokoškolské učebnice  |9 279394 
830 0 |a Dočasné vysokoškolské učebnice  |9 278602 
852 |a Slovenská národná knižnica 
954 |a odborná, vedecká literatúra cudzojazyčná (svetová)  |2 lita 
958 |a OND 
958 |a RM 
958 |a UV 
958 |a NB 
958 |a EUIPO 
999 |c 680280  |d 682210 
952 |a SNK  |b SNK  |y PREZ  |7 0  |p 17A0892992  |o snkSB 171481/1  |i snkKSP 4647/71  |0 0  |1 0  |4 0  |d 2015-01-20  |f 1  |l 0  |r 2025-03-18 00:00:00  |w 2026-02-23